00869nam a22002177a 450000500170000000800410001702000150005802000180007304000830009104100080017406000110018224500780019326000650027130000380033650400410037465000340041565000170044970000410046670000340050785601100054120180312144658.0131205s1999 xxua frn 001 0 eng  a0125241909 a9780123887108 aCO-BoUCMbspacAngélica Rojas (modificó)dAldemar Mondragón (modificó)00aeng aBF 19900aHandbook of behaviorismceditado por William O'Donohue, Richard Kitchener aSan Diego (California, Estados Unidos)bAcademic Pressc1999 axxi, 451 páginasbilustraciones aIncluye referencias bibliográficas 7aComportamiento (Psicología) 7aPsicología1 aKitchener, Richard F.d1941-eeditor1 aO'Donohue, William T.eeditor413Consulte las tablas de contenido haciendo clic aquíuhttp://www.loc.gov/catdir/toc/els032/98085620.html